Revista de Derecho Electoral / (Semestre 2010) N. 10
Zapisane w:
| Korporacja: | |
|---|---|
| Format: | Książka |
| Język: | Spanish |
| Wydane: |
San José, Costa Rica:
Tribunal Supremo de Elecciones
2010
|
| Hasła przedmiotowe: | |
| Etykiety: |
Dodaj etykietę
Nie ma etykietki, Dołącz pierwszą etykiete!
|
MARC
| LEADER | 00000nam a22000007a 4500 | ||
|---|---|---|---|
| 003 | cru CIDCACS/IIS | ||
| 005 | 20221121101132.0 | ||
| 007 | ta | ||
| 008 | 170921s2021 cr f||p|r|||| 00| 0 spa d | ||
| 040 | |c cru CIDCACS/IIS | ||
| 090 | |a RE1670 (10) 2010 | ||
| 110 | 1 | |9 3819 |a Costa Rica. Tribunal Supremo de Elecciones | |
| 245 | 1 | |a Revista de Derecho Electoral / |c Tribunal Supremo de Elecciones |b (Semestre 2010) N. 10 | |
| 260 | |a San José, Costa Rica: |b Tribunal Supremo de Elecciones |c 2010 | ||
| 310 | |a Semestral | ||
| 505 | |a 1 Disco compacto | ||
| 650 | 1 | 0 | |9 3691 |a POLITICA |
| 650 | 0 | |9 3066 |a ASPECTOS POLITICOS | |
| 650 | 4 | |9 3207 |a PARTICIPACION POLITICA | |
| 650 | 1 | 0 | |9 413 |a PARTIDOS POLITICOS |
| 650 | 1 | 0 | |9 306 |a ELECCIONES |
| 942 | |2 ddc |c RE |h REV1670 (10) 2010 |6 REV1670_10_2010 | ||
| 999 | |c 44653 |d 44653 | ||
